000 02825naa a2200349Ia 4500
003 OSt
005 20260417090231.0
008 260416s2017 xx 000 0 und d
040 _aFoundation University
_bEng
_cFoundation University
_erda
050 _aCBA (BsEco-FS) LG 221 D35 B87
_b A5 B87 B87 2015 A84
099 _a799
100 _aAseñas, Mary Grace C.
_91517
_eauthor.
245 1 0 _aThe establish of rural bank in Canlaon /
_cby Mary Grace C. Aseñas, Bryan john T. Bacurnay, and [others.]
264 _aDumaguete City :
_bFoundation University ;
_c2015.
_42015.
300 _axi, 171 leaves :
_bill. (chiefly color) ;
_c28 cm.
_3volume
_fresource
336 _2rdacontent
_atext
_btxt
337 _2rdamedia
_aunmediated
_bn
338 _3rdacarrier
_avolume
_bnc
502 _eUndergraduate feasibility (BS in Administration Major Business Economics) - - Foundation University, 2015.
504 _aIncludes bibliographical references and appendices.
520 _aABSTRACT Title: Establishment of Rural Bank in Canlaon Researchers: Mary Grace C. Aseñas Marve LUz A. Palagtiw Bryan John T. Bacurnay Jonna A. Tilos SherealM. Gonzales Degree: Bachelor of Science in Business Administration major in Business Economics School: Foundation University Academic Year: 2015- 2016 This study was conducted to determine the feasibility study of establishing of Rural Bank in Canlaon City. Further elaboration on the major objectives of the study includes the following: (1) To discover the feasibility of the proposal in terms of its marketing, management, technical, financial, and socio-economic aspects. (2) To discuss the probable advantages and disadvantages, financially and non-financially of putting rural bank in Canlaon City. (3) To gain information on the perception and preferences of the target market about the proposal. (4) To help farmer and locals to expand their production through lending them some amount of money to be used as their capitals and to improve their quality of life. (5) To put up a financial institution in Canlaon City, which is the only city in the Philippines that does not have a bank.
650 _aBanks and banking, Rural
_zPhilippines.
_91518
650 _aFinancial institutions
_zPhilippines.
_915506
650 _aMicrofinance
_zPhilippines.
_915505
650 _aFeasibility studies.
_915504
658 _aProject Feasibility Study :
_bAdministration Major in Business Economics, Bachelor of Science in ;
_cFSB301.
700 1 _aBacurnay, Bryan John T.
_91520
_eco-author
700 1 _aGonazales, Shereal M.
_eco-author
_915522
700 1 _aPalagtiw, Marve Luz A.
_eco-author
_915523
700 1 _aTilos, Jonna A.
_eco-author
_915524
942 _2lcc
_cFS
_hLG 221 D35 B87
_iA5 B87 B87 2015 A84
_kCBA (BsEco-FS)
999 _c5746
_d5746